<?xml version="1.0" encoding="UTF-8"?>
<record
    xmlns:xsi="http://www.w3.org/2001/XMLSchema-instance"
    xsi:schemaLocation="http://www.loc.gov/MARC21/slim http://www.loc.gov/standards/marcxml/schema/MARC21slim.xsd"
    xmlns="http://www.loc.gov/MARC21/slim">

  <leader>03798nam a2200565Ii 4500</leader>
  <controlfield tag="001">9781315180632</controlfield>
  <controlfield tag="003">FlBoTFG</controlfield>
  <controlfield tag="005">20250124160956.0</controlfield>
  <controlfield tag="006">m     o  d        </controlfield>
  <controlfield tag="007">cr            </controlfield>
  <controlfield tag="008">181112s2018    fluab   ob    001 0 eng d</controlfield>
  <datafield tag="020" ind1=" " ind2=" ">
    <subfield code="a">9781315180632</subfield>
    <subfield code="q">(e-book : PDF)</subfield>
  </datafield>
  <datafield tag="040" ind1=" " ind2=" ">
    <subfield code="a">KO</subfield>
    <subfield code="b">eng</subfield>
  </datafield>
  <datafield tag="040" ind1=" " ind2=" ">
    <subfield code="a">FlBoTFG</subfield>
    <subfield code="c">FlBoTFG</subfield>
    <subfield code="e">rda</subfield>
  </datafield>
  <datafield tag="041" ind1="0" ind2=" ">
    <subfield code="a">eng</subfield>
  </datafield>
  <datafield tag="041" ind1="1" ind2=" ">
    <subfield code="a">eng</subfield>
  </datafield>
  <datafield tag="072" ind1=" " ind2="7">
    <subfield code="a">BUS</subfield>
    <subfield code="x">070100 </subfield>
    <subfield code="2">bisacsh</subfield>
  </datafield>
  <datafield tag="072" ind1=" " ind2="7">
    <subfield code="a">TRP </subfield>
    <subfield code="2">bicscc</subfield>
  </datafield>
  <datafield tag="082" ind1="0" ind2="4">
    <subfield code="a">387.7/44</subfield>
  </datafield>
  <datafield tag="100" ind1="1" ind2=" ">
    <subfield code="a">Morrell, Peter S.,</subfield>
    <subfield code="e">author.</subfield>
  </datafield>
  <datafield tag="245" ind1="1" ind2="0">
    <subfield code="a">Moving Boxes by Air :</subfield>
    <subfield code="b">The Economics of International Air Cargo /</subfield>
  </datafield>
  <datafield tag="250" ind1=" " ind2=" ">
    <subfield code="a">Second edition.</subfield>
  </datafield>
  <datafield tag="264" ind1=" " ind2="1">
    <subfield code="a">Boca Raton, FL :</subfield>
    <subfield code="b">Routledge,</subfield>
    <subfield code="c">2018.</subfield>
  </datafield>
  <datafield tag="300" ind1=" " ind2=" ">
    <subfield code="a">1 online resource (384 pages) :</subfield>
    <subfield code="b">201 illustrations, text file, PDF</subfield>
  </datafield>
  <datafield tag="336" ind1=" " ind2=" ">
    <subfield code="a">text</subfield>
    <subfield code="2">rdacontent</subfield>
  </datafield>
  <datafield tag="337" ind1=" " ind2=" ">
    <subfield code="a">computer</subfield>
    <subfield code="2">rdamedia</subfield>
  </datafield>
  <datafield tag="338" ind1=" " ind2=" ">
    <subfield code="a">online resource</subfield>
    <subfield code="2">rdacarrier</subfield>
  </datafield>
  <datafield tag="504" ind1=" " ind2=" ">
    <subfield code="a">Includes bibliographical references and index.</subfield>
  </datafield>
  <datafield tag="505" ind1="0" ind2="0">
    <subfield code="t">Chapter 1: Air cargo traffic and capacity; Chapter 2: Air cargo market characteristics; Chapter 3: Economic and technical regulation; Chapter 4: Supply  passenger and freight airlines; Chapter 5: Supply: integrated carriers, post offices and forwarders; Chapter 6: Air cargo alliances and mergers; Chapter 7: Aircraft and flight operations; Chapter 8: Airport and ground operations; Chapter 9: Distribution and marketing; Chapter 10: Pricing and revenues; Chapter 11: Airline costs; Chapter 12: Air cargo financial performance; Chapter 13: Air cargo and the environment; Chapter 14: Air cargo forecasting.</subfield>
  </datafield>
  <datafield tag="520" ind1="3" ind2=" ">
    <subfield code="a">Air cargo is a key element of the global supply chain. It allows outsourcing of manufacturing to other countries and links production in both multinational and smaller enterprises. It has also been the most important driver of certain export industries in countries such as South Africa, Kenya and Chile. As a component of the air transport industry, air cargo makes the crucial difference between profit and loss on many long-haul routes.This second edition of Moving Boxes by Air offers a comprehensive and up-to-date guide to the business and practices of air cargo, with chapters dedicated to key issues such as current trends, market characteristics, regulation, airport terminal operations, pricing and revenues, and environmental impacts. The book illustrates the recent emphasis on mergers at the expense of alliances, which have not had the impact that they had on passenger operations. The section on security has been expanded to assess in more depth the threats to aircraft from terrorists, particularly in the lower cargo and passenger baggage compartments. Surcharges are examined and the book considers whether all airlines will follow the lead of some to do away with both fuel and security surcharges. The book concludes with a summary of the latest industry forecasts.Fully updated throughout, this edition is the definitive guide to air cargo for professionals within both the aviation and freight industries.</subfield>
  </datafield>
  <datafield tag="530" ind1=" " ind2=" ">
    <subfield code="a">Also available in print format.</subfield>
  </datafield>
  <datafield tag="650" ind1=" " ind2="7">
    <subfield code="a">air traffic.</subfield>
    <subfield code="2">bisacsh</subfield>
  </datafield>
  <datafield tag="650" ind1=" " ind2="7">
    <subfield code="a">charter.</subfield>
    <subfield code="2">bisacsh</subfield>
  </datafield>
  <datafield tag="650" ind1=" " ind2="7">
    <subfield code="a">cross-border.</subfield>
    <subfield code="2">bisacsh</subfield>
  </datafield>
  <datafield tag="650" ind1=" " ind2="7">
    <subfield code="a">drones.</subfield>
    <subfield code="2">bisacsh</subfield>
  </datafield>
  <datafield tag="650" ind1=" " ind2="7">
    <subfield code="a">freighter.</subfield>
    <subfield code="2">bisacsh</subfield>
  </datafield>
  <datafield tag="650" ind1=" " ind2="7">
    <subfield code="a">global.</subfield>
    <subfield code="2">bisacsh</subfield>
  </datafield>
  <datafield tag="650" ind1=" " ind2="7">
    <subfield code="a">international.</subfield>
    <subfield code="2">bisacsh</subfield>
  </datafield>
  <datafield tag="650" ind1=" " ind2="7">
    <subfield code="a">supply chain.</subfield>
    <subfield code="2">bisacsh</subfield>
  </datafield>
  <datafield tag="650" ind1=" " ind2="7">
    <subfield code="a">transhipment.</subfield>
    <subfield code="2">bisacsh</subfield>
  </datafield>
  <datafield tag="650" ind1=" " ind2="7">
    <subfield code="a">unmanned aerial vehicles.</subfield>
    <subfield code="2">bisacsh</subfield>
  </datafield>
  <datafield tag="650" ind1=" " ind2="0">
    <subfield code="a">Aeronautics, Commercial</subfield>
    <subfield code="x">Freight.</subfield>
  </datafield>
  <datafield tag="655" ind1=" " ind2="0">
    <subfield code="a">Electronic books.</subfield>
  </datafield>
  <datafield tag="700" ind1="1" ind2=" ">
    <subfield code="a">Klein, Thomas,</subfield>
    <subfield code="e">author.</subfield>
  </datafield>
  <datafield tag="710" ind1="2" ind2=" ">
    <subfield code="a">Taylor and Francis.</subfield>
  </datafield>
  <datafield tag="856" ind1="4" ind2="0">
    <subfield code="u">https://www.taylorfrancis.com/books/9781315180632</subfield>
    <subfield code="z">Click here to view.</subfield>
  </datafield>
  <datafield tag="904" ind1=" " ind2=" ">
    <subfield code="a">RUDRA_R</subfield>
  </datafield>
  <datafield tag="905" ind1=" " ind2=" ">
    <subfield code="a">R_RANJAN</subfield>
  </datafield>
  <datafield tag="942" ind1=" " ind2=" ">
    <subfield code="c">EB</subfield>
  </datafield>
  <datafield tag="999" ind1=" " ind2=" ">
    <subfield code="c">3054</subfield>
    <subfield code="d">3054</subfield>
  </datafield>
</record>
